Statistiques concernant Harry Potter: Gryffondor

Cliquez ici pour prendre le quiz!

Statistiques générales

  • Ce quiz a été pris 511 fois
    (489 depuis la dernière actualisation)
  • Le résultat moyen est 37 sur 66

Statistiques - réponses

InformationRéponses% Correct
FondateurGodric Gryffondor
97%
DirectriceMinerva McGonagall
97%
AnimalLion
96%
Elève connue (Avant Harry)Minerva McGonagall
96%
CouleursRouge et or
94%
Elève connuPercy Weasley
93%
Capitaine de l'équipe pendant le 6e année de HarryHarry Potter
92%
Elève connuHarry Potter
92%
FantômeNick-Quasi-Sans-Tête
91%
Première apparitionHarry Potter à l'école des sorciers
90%
Elève connu (Avant Harry)James Potter
90%
Elève connu (Préfet promotion Harry)Ron Weasley
90%
Elève connu (Avant Harry)Albus Dumbledore
89%
Dernière apparitionHarry Potter et les Reliques de la Mort
89%
Capitaine de l'équipe de la premiere à la 3e année de HarryOlivier Dubois
88%
Elève connuOlivier Dubois
88%
Elève connu(Après Harry)James Sirius Potter
87%
Elève connue (Avant Harry)Lily Evans
87%
Moyen d'entrer dans la salle communeMot de passe
87%
Elève connue (Préfète promotion Harry)Hermione Granger
86%
CaractéristiquesCourage, Hardiesse, Force, Bravoure et Détermination
85%
Elève connuFred Weasley
84%
ReliqueEpée
83%
Elève connu (Avant Harry)Sirius Black
83%
Elève connuGeorge Weasley
81%
Elève connueGinny Weasley
79%
Elève connu (Avant Harry)Remus Lupin
79%
Elève connu (Avant Harry)Bill Weasley
75%
Capitaine de l'équipe pendant la 5e année de HarryAngelina Johnson
74%
Elève connueAngelina Johnson
74%
Elève connuSeamus Finnigan
74%
Elève connuDean Thomas
73%
Elève connu (Avant Harry)Peter Pettigrow
73%
Elève connu (Avant Harry)Charlie Weasley
72%
Elève connuNeville Londubat
71%
Elève connu (Avant Harry)Arthur Weasley
68%
Elève connue (Avant Harry)Molly Weasley
68%
Elève connueLavande Brown
57%
Elève connueParvati Patil
57%
Élève connueKatie Bell
54%
Elève connue (Après Harry)Rose Granger-Weasley
49%
Elève connueAlicia Spinnet
47%
Elève connuColin Crivey
47%
Adjectif utilisé par le choixpeau pour les décrire (1ere chanson)Courageux
44%
Elève connu (Avant Harry)Rubeus Hagrid
38%
Elève connuDennis Crivey
35%
Elève connuLee Jordan
34%
Elève connuCormac McLaggen
32%
Adjectif utilisé par le choixpeau pour les décrire (1ere chanson)Hardis
25%
Adjectif utilisé par le choixpeau pour les décrire (1ere chanson)Forts
24%
Elève connueRomilda Vane
15%
Elève connueDemelza Robins
8%
Elève connuJack Sloper
8%
Elève connuJimmy Peakes
8%
Elève connueEloise Midgen
7%
Mary MacDonald
7%
Elève connuEuan Abercrombie
6%
Elève connuRitchie Coote
6%
Elève connuAndrew Kirke
5%
Elève connu (Avant Harry)Fleamont Potter
3%
Elève connuGeoffrey Hooper
3%
Elève connueNatalie McDonald
3%
Elève connuePatricia Stimpson
3%
Elève connu (Après Harry)Polly Chapman
3%
Elève connueVicky Frobisher
3%
Elève connuKenneth Towler
2%

Distribution des résultats

Percentile par nombre de réponses

% des personnes avec chaque résultat

Votre développement - résultats

Vous n’avez pas pris ce quiz depuis la dernière actualisation